000 00255nam a22001217a 4500
008 171201b xxu||||| |||| 00| 0 eng d
041 _aeng
080 _a94
100 _a16
101 _aHIS
245 _aSEX IN HISTORY
_cTANNAHILL, R
942 _2udc
_cBK
999 _c38684
_d38684